000
00350nam a2200157Ia 4500
005
20250425161449.0
008
250425s9999 xx 000 0 und d
041
_a
spa
082
_a
IBM4381
245
0
_a
PLANIFICACION DE LA AGRICULTURA
250
_a
S.E.
260
_a
S.L.
260
_a
Sin Pais
_b
FAO
_c
1985
942
_c
01
010
_a
20898
999
_c
209783
_d
209783